00512 a2200121 4500082001600000100001300016245014600029260005800175300003000233650001600263999001500279952009600294 a363.125 DAV aDavis, A aProject Report PR/INT/724/03 Improving Road Safety by Reducing Impaired Driving in Developing Countries: A Scoping Study /cA Davis...[et al] aUK :bDepartment for International Development,c2003 ax, 162p. :bill. ;c30 cm aRoad Safety c2199d2199 00104070aNITbNITcCEd0000-00-00l0o363.125 DAVpNIT-2273 r2017-01-05w2017-01-05yBK